000 00412nab a2200145Ia 4500
003 ES-SlBCS
005 20211118161504.0
008 140529s1960 xxu||||| |||| 00| 0 fre d
041 _afre
100 1 _aGinestier, Paul
_9173286
245 0 0 _aRaymond Bayer
_c Paul Ginestier
600 1 0 _aBayer, Raymond
_9168135
773 0 _tGiornali di Metafisica
_gvol. 15, nº. 1, 1960, págs. 42-48
_w0017-0372
942 _cAR
999 _c547092
_d547092